El impacto del desplazamiento sobre los refugiados sirios con discapacidad, lesiones y adultos mayores /
Gorde:
| Formatua: | Liburua |
|---|---|
| Hizkuntza: | Spanish |
| Etiketak: |
Etiketa erantsi
Etiketarik gabe, Izan zaitez lehena erregistro honi etiketa jartzen!
|
MARC
| LEADER | 00000nam a22000007a 4500 | ||
|---|---|---|---|
| 003 | cru CIDCACS/IIS | ||
| 005 | 20180117101036.0 | ||
| 007 | ta | ||
| 008 | 180112s2014 sp |||p|r||||||0| ||spa d | ||
| 999 | |c 40818 |d 40818 | ||
| 040 | |c cru CIDCACS/IIS | ||
| 245 | 1 | 3 | |a El impacto del desplazamiento sobre los refugiados sirios con discapacidad, lesiones y adultos mayores / |c Marcus Skinner |
| 300 | |a páginas 39-40 | ||
| 773 | 0 | |0 19267 |9 1738 |a Centro de Estudios sobre Refugiados |d Universidad de Oxford ; Centro de Estudios sobre Refugiados |o 18230 |t Migraciones Forzadas: |x 14609819 | |
| 942 | |2 ddc |c PP | ||
